• 首页
  • 本馆介绍
  • 公告通知
  • 最新文献
  • 馆藏检索
  • 电子资源
  • 读者导购
  • 参考咨询
  • 我的图书馆
  • 登录
  • 详细信息显示
  • 放入我的书架
  • 预约/预借图书
  • 作者相关作品
  • 分类相关作品
  • 丛书相关作品
  • 出版社相关作品

书目信息

  • 表格格式
  • 工作单格式
  • 卡片格式
题名:
世界景观建筑设计技法表现
    
 
作者: 哈奇森 著 ;皮永生 译
分册:  
出版信息: 北京   中国青年出版社  2015
页数: 240页
开本: 27cm
丛书名:
单 册:
中图分类: TU-856 , TU-856
科图分类:
主题词: 景观--Jing Guan--建筑设计 , 建筑艺术--关系
电子资源:
ISBN: 978-7-5153-2856-0
000 01109nam0 22002891 450
001 351373
005 20161214094931.06
010    @a978-7-5153-2856-0@dCNY112.00
100    @a20150602d2015 em y0chiy50 ea
101 1  @achi@ceng
102    @aCN@b110000
105    @aa z 000yy
106    @ar
200 1  @a世界景观建筑设计技法表现@AShi Jie Jing Guan Jian Zhu She Ji Ji Fa Biao Xian@dDrawing for landscape architecture@f(英)爱德华·哈奇森编著@g皮永生[等]译@zeng
205    @a2版
210    @a北京@c中国青年出版社@d2015
215    @a240页@c图@d27cm
330    @a本书内容共分为九章,讲解了引人入胜的景观,场景写生,概念表达,平面图、剖面图和立面图,透视图,轴测图,方案预算,构造细节以及剑桥大学圣约翰学院和考文垂和平花园等方面的知识。
510 1  @aDrawing for landscape architecture@zeng
606 0  @a景观@AJing Guan@x建筑设计
606 0  @a建筑艺术@x关系
690    @aTU-856@v5
690    @aTU-856@v4
701  0 @c(英)@a哈奇森@AHa Qi Sen@c(Hutchison, Edward)@4著
702  0 @a皮永生@APi Yong Sheng@c(设计)@4译
801  0 @aCN@bTANGWEI@c20160808
905    @b0894561-4@dTU-856@e137=2@f4
    
    世界景观建筑设计技法表现=Drawing for landscape architecture/(英)爱德华·哈奇森编著/皮永生[等]译.-2版.-北京:中国青年出版社,2015
    240页:图;27cm
    
    
    ISBN 978-7-5153-2856-0:CNY112.00
    本书内容共分为九章,讲解了引人入胜的景观,场景写生,概念表达,平面图、剖面图和立面图,透视图,轴测图,方案预算,构造细节以及剑桥大学圣约翰学院和考文垂和平花园等方面的知识。
●
相关链接 在E读中查询图书 在五车中查询图书 在当当中查询图书 在豆瓣中查询图书


正题名:世界景观建筑设计技法表现     索取号:TU-856/137=2         预约/预借

序号 登录号 条形码 馆藏地/架位号 状态 备注
1 0894561   208945613   第二样本阅览室/ [索取号:TU-856/137=2] 在馆    
2 0894562   208945622   第三借阅区/ [索取号:TU-856/137=2] 在馆    
3 0894563   208945631   第三借阅区/ [索取号:TU-856/137=2] 在馆    
4 0894564   208945640   第三借阅区/ [索取号:TU-856/137=2] 在馆    
唐山师范学院图书馆 欢迎您!
大连网信软件有限公司© 版权所有